[Event "Mittelfr. Einzelmeisterschaft 2012"]
[Site "Weißenburg"]
[Date "2012.04.03"]
[Round "4.8"]
[White "Pöschl, Herbert"]
[Black "Hertlein, Stefan"]
[Result "0-1"]
[WhiteElo "1611"]
[BlackElo "1663"]
[PlyCount "94"]
[EventDate "2012.??.??"]
[WhiteTeam "Weißenburg TSV"]
[BlackTeam "Treuchtlingen SC"]

1. e3 d5 2. d4 e6 3. Bd3 c5 4. Nf3 Nf6 5. Nbd2 Nc6 6. c3 Bd6 7. O-O O-O 8. b3
b6 9. Bb2 Bb7 10. Rc1 Rc8 11. Qe2 cxd4 12. exd4 Qc7 13. c4 dxc4 14. Bxc4 Rfd8
15. Rfd1 Qb8 16. Ne5 Bxe5 17. dxe5 Nd5 18. Nf3 Na5 19. Bb5 Rxc1 20. Rxc1 Nf4
21. Qe3 Ng6 22. h3 h6 23. b4 Bxf3 24. gxf3 Rd5 25. Bd3 Nxe5 26. Bxe5 Rxe5 27.
Qd4 Rg5+ 28. Kf1 Nb7 29. f4 Rd5 30. Qe4 g6 31. Be2 Nd6 32. Qc2 Nb5 33. Bxb5
Rxb5 34. Qd2 Rd5 35. Qe3 Qd6 36. Rc8+ Kh7 37. Qc3 Rd4 38. Rc7 Rxf4 39. Rc8 Qd1+
40. Kg2 Qd5+ 41. Kg1 Qg5+ 42. Kf1 Qb5+ 43. Kg1 Qg5+ 44. Kf1 Rf6 45. Qd4 Qf5 46.
Kg1 e5 47. Qb2 Qxc8 0-1

[Event "Mittelfr. Einzelmeisterschaft 2012"]
[Site "Weißenburg"]
[Date "2012.04.03"]
[Round "4.9"]
[White "Gerl, Hans"]
[Black "Müller, Roland"]
[Result "1-0"]
[WhiteElo "2059"]
[BlackElo "1837"]
[PlyCount "119"]
[EventDate "2012.??.??"]
[WhiteTeam "Zirndorf SK"]
[BlackTeam "Lauf a.d.P. SV"]

1. d4 Nf6 2. c4 c5 3. d5 d6 4. Nc3 e6 5. Nf3 exd5 6. cxd5 Be7 7. e4 Nbd7 8. h3
a6 9. a4 O-O 10. Bd3 Ne8 11. O-O Bf6 12. Bf4 Qc7 13. Qe2 Ne5 14. Nxe5 Bxe5 15.
Bxe5 dxe5 16. f4 Nf6 17. fxe5 Qxe5 18. Rf3 Bd7 19. Kh1 Rae8 20. a5 Qh5 21. Qf2
c4 22. Bc2 Ng4 23. Qg3 Ne5 24. Rf4 Ng6 25. Rf2 Re5 26. Raf1 f6 27. Ne2 Kh8 28.
Nd4 Rg5 29. Qh2 Ne5 30. Nf5 Qe8 31. Qf4 Qd8 32. Nd6 Qc7 33. Qxg5 Qxd6 34. Qe3
Qb4 35. Qc3 Qe7 36. Qd4 Qd6 37. Ra1 g5 38. Qb6 Qxb6 39. axb6 g4 40. Ra3 h5 41.
Rc3 Kg7 42. Bb1 Bb5 43. Rd2 Kf7 44. Ba2 Ke7 45. b3 Rc8 46. bxc4 Rc5 47. d6+ Kd7
48. Rd5 Rc8 49. c5 Bc6 50. Rd4 Rf8 51. Bb1 a5 52. Kh2 h4 53. hxg4 Nxg4+ 54. Kg1
Ke6 55. Rd1 Ne5 56. Ba2+ Kd7 57. Bd5 Rh8 58. Rf1 Rh6 59. Rf4 Rh8 60. Rxf6 1-0

[Event "Mittelfr. Einzelmeisterschaft 2012"]
[Site "Weißenburg"]
[Date "2012.04.03"]
[Round "4.10"]
[White "Rebhann, Leo"]
[Black "Gajewski, Richard"]
[Result "0-1"]
[WhiteElo "1517"]
[BlackElo "1730"]
[PlyCount "50"]
[EventDate "2012.??.??"]
[WhiteTeam "Erlangen BSGW"]
[BlackTeam "Gunzenhausen FC"]

1. d4 e6 2. e3 b6 3. Nd2 Bb7 4. Ngf3 f5 5. Be2 Nf6 6. O-O Bd6 7. Nb3 O-O 8. c4
Ne4 9. Nbd2 Nc6 10. a3 g5 11. Nxe4 fxe4 12. Nd2 Ne7 13. Qc2 Rf6 14. Nxe4 Rh6
15. Nxd6 cxd6 16. e4 Ng6 17. g3 Qf6 18. Be3 Rf8 19. Qd2 Nf4 20. Bxf4 gxf4 21.
d5 f3 22. Bd3 Qg6 23. Rfe1 Rh3 24. Bf1 Qh5 25. Bxh3 Qxh3 0-1

[Event "Mittelfr. Einzelmeisterschaft 2012"]
[Site "Weißenburg"]
[Date "2012.04.03"]
[Round "4.11"]
[White "Hummel, Hannes"]
[Black "Holland, Arthur"]
[Result "0-1"]
[WhiteElo "1200"]
[BlackElo "1839"]
[PlyCount "28"]
[EventDate "2012.??.??"]
[WhiteTeam "Bad Windsheim SC"]
[BlackTeam "Spvg Zabo-Eintracht Nürnberg e.V"]

1. e4 e5 2. Nf3 Nc6 3. Nc3 Nf6 4. Bc4 Bc5 5. Bb5 O-O 6. O-O Qe7 7. d3 h6 8. Qe1
Nd4 9. Qd2 c6 10. Bc4 Nxf3+ 11. gxf3 Nh5 12. Re1 Nf4 13. Kf1 Qg5 14. Ne2 Qg2#
0-1

[Event "Mittelfr. Einzelmeisterschaft 2012"]
[Site "Weißenburg"]
[Date "2012.04.03"]
[Round "4.12"]
[White "Horndasch, Lulu"]
[Black "Trefflich, Marcus"]
[Result "1-0"]
[WhiteElo "1573"]
[BlackElo "1423"]
[PlyCount "81"]
[EventDate "2012.??.??"]
[WhiteTeam "Weißenburg TSV"]
[BlackTeam "Treuchtlingen SC"]

1. e4 d6 2. d4 e6 3. f4 g6 4. Bd3 Bg7 5. Nf3 b6 6. Nc3 Bb7 7. Be3 Nd7 8. Qd2 h6
9. O-O Ne7 10. Rae1 a6 11. f5 exf5 12. exf5 g5 13. h3 O-O 14. Nh2 Ra7 15. Ng4
f6 16. Bf2 h5 17. Nh2 Nd5 18. Nxd5 Bxd5 19. c4 Bb7 20. Qe2 c5 21. Qxh5 cxd4 22.
Bxd4 Ra8 23. Ng4 Ne5 24. Bxe5 dxe5 25. Rd1 Qd4+ 26. Kh2 e4 27. Bc2 Qxc4 28. Bb3
Qxb3 29. axb3 Bc6 30. Nh6+ Bxh6 31. Qxh6 Ra7 32. Qh5 g4 33. Rd6 gxh3 34. gxh3
Be8 35. Rg1+ Rg7 36. Rxg7+ Kxg7 37. Qg4+ Kh8 38. Rxb6 e3 39. Rb7 Rg8 40. Qh4+
Bh5 41. Qxh5# 1-0

[Event "Mittelfr. Einzelmeisterschaft 2012"]
[Site "Weißenburg"]
[Date "2012.04.03"]
[Round "4.13"]
[White "Schuster, Alfred"]
[Black "Bader, Norbert"]
[Result "0-1"]
[WhiteElo "1636"]
[BlackElo "1494"]
[PlyCount "56"]
[EventDate "2012.??.??"]
[WhiteTeam "Treuchtlingen SC"]
[BlackTeam "Hersbruck SC"]

1. e4 e5 2. Nf3 Nc6 3. Bc4 Nf6 4. Nc3 Be7 5. O-O O-O 6. d4 exd4 7. Nxd4 Ne5 8.
Bb3 c6 9. Nf5 Bc5 10. h3 d5 11. Ng3 b5 12. exd5 cxd5 13. Nxd5 Be6 14. Nxf6+
Qxf6 15. Ne4 Qg6 16. Bxe6 fxe6 17. Nxc5 Nf3+ 18. Kh1 Nh4 19. Qg4 Qxg4 20. hxg4
e5 21. Be3 Ng6 22. Rad1 Rac8 23. Rd7 a6 24. Ra7 Rf6 25. c3 Nf4 26. Rxa6 Rxa6
27. Nxa6 Rc6 28. Nb4 Rh6+ 0-1

[Event "Mittelfr. Einzelmeisterschaft 2012"]
[Site "Weißenburg"]
[Date "2012.04.03"]
[Round "4.14"]
[White "Babichev, Vyacheslav"]
[Black "Häßlein, Rainer"]
[Result "1/2-1/2"]
[WhiteElo "1765"]
[BlackElo "1519"]
[PlyCount "195"]
[EventDate "2012.??.??"]
[WhiteTeam "Nürnberg Süd SW"]
[BlackTeam "Wolframs-Eschenbach"]

1. b3 e6 2. Bb2 d5 3. Nf3 Nf6 4. e3 Bd6 5. Nc3 a6 6. Ne2 Nc6 7. d3 e5 8. h3 h6
9. Ng3 Bd7 10. Be2 Qe7 11. Nh4 g6 12. Nf3 O-O-O 13. Nd2 e4 14. O-O exd3 15.
cxd3 Rhg8 16. Nh1 g5 17. Re1 g4 18. h4 g3 19. Bf3 gxf2+ 20. Kxf2 Ng4+ 21. Bxg4
Bxg4 22. Nf3 Bxf3 23. Qxf3 Qxh4+ 24. Ke2 d4 25. e4 Bf4 26. Bc1 Bxc1 27. Raxc1
Qg5 28. Rg1 Ne5 29. Qf5+ Qxf5 30. exf5 Rg5 31. Rcf1 Ng4 32. Rf4 Ne3 33. g4 c5
34. Nf2 Nd5 35. Rf3 Re8+ 36. Kd2 Re3 37. Rfg3 Rxg3 38. Rxg3 Nf6 39. Ke2 h5 40.
Kf3 hxg4+ 41. Kf4 Rg8 42. Ke5 Nd7+ 43. Kd6 b6 44. Rxg4 Rxg4 45. Nxg4 b5 46. Ke7
c4 47. bxc4 bxc4 48. dxc4 d3 49. Ne3 Ne5 50. Kd6 Nd7 51. Kd5 f6 52. Kd4 Ne5 53.
Kc3 Kd7 54. Nd5 d2 55. Ne3 Nf3 56. Kc2 Kd6 57. a3 Ke5 58. c5 Ke4 59. c6 Kxe3
60. Kd1 Ne5 61. c7 Nd3 62. c8=Q Nf2+ 63. Kc2 d1=Q+ 64. Kb2 Nd3+ 65. Ka2 Nc1+
66. Kb2 Qd2+ 67. Kb1 Nd3 68. Qe6+ Kf2 69. Qxf6 Qc1+ 70. Ka2 Qc2+ 71. Ka1 Qd1+
72. Ka2 Qe2+ 73. Kb1 Qe4 74. Ka2 Qe2+ 75. Kb1 Ke1 76. Qc3+ Kf1 77. f6 Ne5 78.
Qh3+ Ke1 79. Qc3+ Kf2 80. Qc5+ Kf3 81. Qc3+ Kf4 82. f7 Qe4+ 83. Ka1 Nxf7 84.
Qc1+ Kf5 85. Qf1+ Qf4 86. Qxa6 Nd6 87. Qd3+ Ne4 88. a4 Qe5+ 89. Ka2 Kg5 90.
Qe3+ Kf6 91. Qh6+ Ke7 92. Qh7+ Kd6 93. Qg6+ Kc5 94. Qg1+ Kb4 95. Qb6+ Kxa4 96.
Qb3+ Ka5 97. Qa3+ Kb5 98. Qb2+ 1/2-1/2

[Event "Mittelfr. Einzelmeisterschaft 2012"]
[Site "Weißenburg"]
[Date "2012.04.04"]
[Round "5.1"]
[White "Stiller, Jürgen"]
[Black "Beck, Karl"]
[Result "1/2-1/2"]
[WhiteElo "2200"]
[BlackElo "2012"]
[PlyCount "100"]
[EventDate "2012.??.??"]
[WhiteTeam "Nürnberg Süd SW"]
[BlackTeam "Markt Berolzheim SC"]

1. d4 d5 2. Nf3 Nf6 3. Bf4 e6 4. e3 Be7 5. Bd3 O-O 6. Nbd2 Nbd7 7. Ne5 c5 8. c3
Nxe5 9. Bxe5 Ne8 10. h4 Bd6 11. Qh5 g6 12. Qh6 f6 13. Bxd6 Nxd6 14. dxc5 Nf7
15. Qf4 e5 16. Qb4 Be6 17. O-O-O Qc7 18. Nb3 Rfc8 19. Kb1 a5 20. Qa4 b6 21. c6
Qxc6 22. Qxc6 Rxc6 23. Nc1 Nd6 24. Bc2 Nc4 25. Bb3 b5 26. a3 Kg7 27. Nd3 Rd8
28. Rhe1 Bf5 29. Ka2 Bxd3 30. Rxd3 a4 31. Bc2 Rcd6 32. Red1 f5 33. b3 axb3+ 34.
Bxb3 Ra6 35. a4 Nb6 36. Kb2 Nxa4+ 37. Bxa4 bxa4 38. Rxd5 Rb8+ 39. Ka2 Rab6 40.
R1d2 a3 41. c4 e4 42. c5 Rc6 43. f3 exf3 44. gxf3 Rb5 45. Rc2 Kf6 46. f4 Ke6
47. Re5+ Kf6 48. Rc4 Rb2+ 49. Kxa3 Rb1 50. Ra4 Rc8 1/2-1/2

[Event "Mittelfr. Einzelmeisterschaft 2012"]
[Site "Weißenburg"]
[Date "2012.04.04"]
[Round "5.2"]
[White "Wittmann, Helmut"]
[Black "Hein, Manfred"]
[Result "1/2-1/2"]
[WhiteElo "2087"]
[BlackElo "2087"]
[PlyCount "63"]
[EventDate "2012.??.??"]
[WhiteTeam "Erlangen BSGW"]
[BlackTeam "Gunzenhausen FC"]

1. d4 d5 2. c4 e6 3. Nc3 Nf6 4. Bg5 Be7 5. Nf3 h6 6. Bxf6 Bxf6 7. Qc2 dxc4 8.
e3 O-O 9. Bxc4 c6 10. O-O Nd7 11. Rfd1 b5 12. Be2 Bb7 13. a4 a6 14. Ne4 Be7 15.
Ne5 Nxe5 16. dxe5 Qc7 17. Nd6 Bxd6 18. exd6 Qd7 19. Qc5 Rab8 20. Bf3 Ba8 21.
axb5 Rxb5 22. Qc3 Bb7 23. Be2 Rd5 24. Qb3 Bc8 25. Rxd5 exd5 26. Qb4 Rd8 27.
Bxa6 Bxa6 28. Rxa6 Qxd6 29. Qc3 d4 30. exd4 Qxd4 31. Qxd4 Rxd4 32. Kf1 1/2-1/2

[Event "Mittelfr. Einzelmeisterschaft 2012"]
[Site "Weißenburg"]
[Date "2012.04.04"]
[Round "5.3"]
[White "Kroneder, Christian"]
[Black "Link, Andreas"]
[Result "1-0"]
[WhiteElo "2149"]
[BlackElo "1968"]
[PlyCount "61"]
[EventDate "2012.??.??"]
[WhiteTeam "Schwanstetten SK"]
[BlackTeam "Nürnberg Zabo Spvg"]

1. e4 c5 2. Nf3 d6 3. d4 cxd4 4. Nxd4 Nf6 5. Nc3 g6 6. Be2 Bg7 7. O-O O-O 8.
Be3 Nc6 9. Qd2 d5 10. exd5 Nxd5 11. Nxd5 Nxd4 12. c4 Nxe2+ 13. Qxe2 e6 14. Nb4
Qf6 15. Rab1 a5 16. Nc2 e5 17. Bc5 Rd8 18. Ne3 b6 19. Ba3 Bb7 20. Rbd1 e4 21.
Qg4 Qe5 22. Rd7 f5 23. Qd1 Bf6 24. Qa4 Bc8 25. Rxd8+ Bxd8 26. Qc6 Bc7 27. g3
Ra7 28. Rd1 Kf7 29. Nd5 Be6 30. Nf4 Bb8 31. Rd8 1-0

[Event "Mittelfr. Einzelmeisterschaft 2012"]
[Site "Weißenburg"]
[Date "2012.04.04"]
[Round "5.4"]
[White "Vogt, Peter"]
[Black "Bildt, Thomas"]
[Result "0-1"]
[WhiteElo "1910"]
[BlackElo "1994"]
[PlyCount "84"]
[EventDate "2012.??.??"]
[WhiteTeam "Schwanstetten SK"]
[BlackTeam "Zirndorf SK"]

1. e4 e5 2. f4 d6 3. Nf3 exf4 4. d4 g5 5. Bc4 Bg7 6. O-O Nc6 7. c3 h6 8. g3 g4
9. Bxf4 gxf3 10. Qxf3 Nf6 11. e5 Bg4 12. Qg2 dxe5 13. dxe5 Nh5 14. Bxf7+ Kxf7
15. Bg5+ Nf6 16. Bxf6 Qd7 17. Qe4 Bh3 18. Nd2 Raf8 19. Bh4+ Kg8 20. Rxf8+ Bxf8
21. Nf3 Qf5 22. Qd5+ Qe6 23. Qe4 Bc5+ 24. Kh1 Bf5 25. Qe2 Bg4 26. Bf6 Nxe5 27.
Bxe5 Qxe5 28. Nxe5 Bxe2 29. Re1 Bb5 30. Kg2 Kg7 31. b4 Bd6 32. Ng4 Re8 33. Rd1
Be2 34. Rd4 Bxg4 35. Rxg4+ Kf6 36. h4 Re2+ 37. Kf3 Rxa2 38. h5 Kf7 39. Rg6 Bf8
40. g4 Rc2 41. Kf4 Rxc3 42. Kf5 Rf3+ 0-1

[Event "Mittelfr. Einzelmeisterschaft 2012"]
[Site "Weißenburg"]
[Date "2012.04.04"]
[Round "5.5"]
[White "Hertlein, Stefan"]
[Black "Bolten, Daniel"]
[Result "0-1"]
[WhiteElo "1663"]
[BlackElo "2028"]
[PlyCount "70"]
[EventDate "2012.??.??"]
[WhiteTeam "Treuchtlingen SC"]
[BlackTeam "Nürnberg Süd SW"]

1. d4 e6 2. e3 Nf6 3. c4 b6 4. Nf3 Bb4+ 5. Nc3 Bxc3+ 6. bxc3 Ba6 7. Bd3 O-O 8.
O-O d6 9. Qc2 Nc6 10. Rd1 Na5 11. Qe2 Qe8 12. e4 e5 13. Bg5 Nd7 14. Nh4 f6 15.
Be3 Qf7 16. Qg4 Kh8 17. c5 Bc8 18. cxd6 cxd6 19. d5 Nc5 20. Qg3 Nxd3 21. Rxd3
Ba6 22. Rd2 Rac8 23. Rc2 Bd3 24. Rd2 Bxe4 25. f3 Bg6 26. Nxg6+ hxg6 27. Rc2 Kg8
28. Rb1 Nc4 29. Bc1 g5 30. Qg4 Qxd5 31. Bd2 Na3 32. c4 Qc5+ 33. Be3 Qxe3+ 34.
Kh1 f5 35. Qh5 Nxb1 0-1

[Event "Mittelfr. Einzelmeisterschaft 2012"]
[Site "Weißenburg"]
[Date "2012.04.04"]
[Round "5.6"]
[White "Korth, Manfred"]
[Black "Fischer, Gerd"]
[Result "1-0"]
[WhiteElo "1734"]
[BlackElo "2104"]
[PlyCount "69"]
[EventDate "2012.??.??"]
[WhiteTeam "Heideck-Hilpoltstein SC"]
[BlackTeam "Gunzenhausen FC"]

1. Nf3 Nf6 2. g3 d5 3. Bg2 c5 4. d3 Nc6 5. Nbd2 e5 6. e4 dxe4 7. dxe4 Be7 8.
O-O O-O 9. Qe2 h6 10. c3 Re8 11. Nc4 Qc7 12. Ne3 Be6 13. Nf5 Bf8 14. h3 Rad8
15. g4 Qd7 16. g5 hxg5 17. Bxg5 Bxf5 18. Bxf6 gxf6 19. Rad1 Qe6 20. exf5 Qxf5
21. Nh2 Rxd1 22. Rxd1 Rd8 23. Rxd8 Nxd8 24. Ng4 Qg5 25. Kh2 b6 26. Qf3 f5 27.
Ne3 f4 28. Ng4 Bd6 29. Qd5 Bb8 30. f3 Ne6 31. Qa8 Qd8 32. Qe4 Ng5 33. Qc6 Qd6
34. Nf6+ Kf8 35. Qc8+ 1-0

[Event "Mittelfr. Einzelmeisterschaft 2012"]
[Site "Weißenburg"]
[Date "2012.04.04"]
[Round "5.7"]
[White "Holland, Arthur"]
[Black "Gerl, Hans"]
[Result "1-0"]
[WhiteElo "1839"]
[BlackElo "2059"]
[PlyCount "49"]
[EventDate "2012.??.??"]
[WhiteTeam "Spvg Zabo-Eintracht Nürnberg e.V"]
[BlackTeam "Zirndorf SK"]

1. e4 c5 2. Nf3 d6 3. d4 cxd4 4. Nxd4 Nf6 5. Nc3 a6 6. Bc4 e6 7. Bb3 Be7 8. Be3
O-O 9. O-O b5 10. a3 Qc7 11. f4 Nc6 12. f5 Nxd4 13. Bxd4 e5 14. Be3 Bb7 15. Qf3
Bc6 16. Rad1 Rac8 17. Rd2 a5 18. Nd5 Nxd5 19. exd5 Bb7 20. Qe4 Bf6 21. g4 Qe7
22. Rg2 Bg5 23. f6 Bxe3+ 24. Qxe3 Qc7 25. Qg5 1-0

[Event "Mittelfr. Einzelmeisterschaft 2012"]
[Site "Weißenburg"]
[Date "2012.04.04"]
[Round "5.8"]
[White "Schuster, Erwin"]
[Black "Koch, Walter"]
[Result "0-1"]
[WhiteElo "1282"]
[BlackElo "1839"]
[PlyCount "64"]
[EventDate "2012.??.??"]
[WhiteTeam "Treuchtlingen SC"]
[BlackTeam "Cadolzburg TSV"]

1. e4 c6 2. d4 d5 3. Nc3 dxe4 4. Nxe4 Nf6 5. Nxf6+ gxf6 6. Nf3 Bg4 7. Be2 e6 8.
h3 Bh5 9. O-O Qc7 10. c3 Nd7 11. Re1 O-O-O 12. Nh2 Bg6 13. Bh5 Bd6 14. Nf1 Rhg8
15. Bxg6 Rxg6 16. Re4 Rdg8 17. Ne3 f5 18. Rh4 f4 19. Ng4 f5 20. f3 fxg4 21.
hxg4 Nf6 22. Qe2 Qf7 23. Bd2 h5 24. Kf2 hxg4 25. fxg4 Nxg4+ 26. Kf3 Ne5+ 27.
dxe5 Rg3+ 28. Ke4 Qf5+ 29. Kd4 Bxe5+ 30. Kc4 Bxc3 31. bxc3 Qb5+ 32. Kd4 Qd5#
0-1

[Event "Mittelfr. Einzelmeisterschaft 2012"]
[Site "Weißenburg"]
[Date "2012.04.04"]
[Round "5.9"]
[White "Bader, Norbert"]
[Black "Merz, Andreas"]
[Result "0-1"]
[WhiteElo "1494"]
[BlackElo "1804"]
[PlyCount "88"]
[EventDate "2012.??.??"]
[WhiteTeam "Hersbruck SC"]
[BlackTeam "Treuchtlingen SC"]

1. e4 e5 2. Nf3 Nc6 3. Bc4 Nf6 4. Nc3 Nxe4 5. Bxf7+ Kxf7 6. Nxe4 d5 7. Neg5+
Kg8 8. d3 h6 9. Nh3 Qf6 10. c3 Bc5 11. Nhg1 Be6 12. Ne2 Bg4 13. d4 Bxf3 14.
gxf3 Qxf3 15. Rg1 exd4 16. Rg3 Qe4 17. f3 Qe6 18. Kf1 Bd6 19. Bf4 dxc3 20. Bxd6
cxb2 21. Rb1 Qxd6 22. Rxb2 Kf7 23. Nc3 Ne7 24. Qd3 Qa6 25. Nb5 c6 26. Nd6+ Ke6
27. Qxa6 bxa6 28. Nb7 Kf6 29. Rbg2 g5 30. Nc5 Nf5 31. Re2 Nxg3+ 32. hxg3 Rhe8
33. Nd7+ Kf5 34. g4+ Kf4 35. Rf2 Re3 36. Kg2 d4 37. Nf6 d3 38. Nh5+ Ke5 39. Ng3
c5 40. Nf5 Re2 41. Nxh6 Rxf2+ 42. Kxf2 Kf4 43. Nf7 Re8 44. Nd6 d2 0-1

[Event "Mittelfr. Einzelmeisterschaft 2012"]
[Site "Weißenburg"]
[Date "2012.04.04"]
[Round "5.11"]
[White "Müller, Roland"]
[Black "Horndasch, Lulu"]
[Result "1-0"]
[WhiteElo "1837"]
[BlackElo "1573"]
[PlyCount "83"]
[EventDate "2012.??.??"]
[WhiteTeam "Lauf a.d.P. SV"]
[BlackTeam "Weißenburg TSV"]

1. b3 e5 2. Bb2 Nc6 3. c4 Bc5 4. e3 Nf6 5. a3 e4 6. b4 Be7 7. Nc3 O-O 8. Qc2
Re8 9. Nge2 d5 10. Ng3 d4 11. Ncxe4 Nxe4 12. Nxe4 f5 13. Ng3 f4 14. Nh5 Bg5 15.
O-O-O g6 16. Nxf4 b5 17. cxb5 Bxf4 18. exf4 Bf5 19. d3 Nxb4 20. axb4 Be6 21.
Be2 a5 22. Qc5 Bf7 23. Bf3 Rb8 24. bxa5 Qf6 25. Qxd4 Qxd4 26. Bxd4 Red8 27. Bf6
Rd6 28. Be5 Rd7 29. Bc6 Re7 30. Bc3 Be8 31. Rhe1 Rxe1 32. Rxe1 Bxc6 33. bxc6
Kf7 34. Re4 Rb3 35. Kc2 Ra3 36. Kb2 Rxc3 37. Kxc3 h5 38. a6 h4 39. a7 h3 40. g3
g5 41. a8=Q Kg6 42. Qg8+ 1-0

[Event "Mittelfr. Einzelmeisterschaft 2012"]
[Site "Weißenburg"]
[Date "2012.04.04"]
[Round "5.13"]
[White "Trefflich, Marcus"]
[Black "Rebhann, Leo"]
[Result "0-1"]
[WhiteElo "1423"]
[BlackElo "1517"]
[PlyCount "72"]
[EventDate "2012.??.??"]
[WhiteTeam "Treuchtlingen SC"]
[BlackTeam "Erlangen BSGW"]

1. e4 c5 2. Nf3 d6 3. Nc3 Nf6 4. Bc4 e6 5. a3 a6 6. d4 cxd4 7. Nxd4 Be7 8. O-O
Qc7 9. Ba2 O-O 10. Re1 Bd7 11. Be3 Nc6 12. Rb1 Nxd4 13. Bxd4 e5 14. Be3 Bc6 15.
Nd5 Bxd5 16. exd5 b5 17. Bg5 Rfc8 18. c3 h6 19. Bxf6 Bxf6 20. Bb3 Rab8 21. Bc2
a5 22. Qd3 b4 23. axb4 axb4 24. c4 Qxc4 25. Qh7+ Kf8 26. Rbc1 Ke7 27. b3 Qf4
28. g3 Qd4 29. Red1 Qb2 30. f4 Rc7 31. fxe5 Bxe5 32. Re1 Rbc8 33. Qf5 Rxc2 34.
Rxc2 Rxc2 35. Qe4 Rxh2 36. Rb1 Qf2# 0-1

[Event "Mittelfr. Einzelmeisterschaft 2012"]
[Site "Weißenburg"]
[Date "2012.04.04"]
[Round "5.14"]
[White "Babichev, Vyacheslav"]
[Black "Schuster, Alfred"]
[Result "1-0"]
[WhiteElo "1765"]
[BlackElo "1636"]
[PlyCount "160"]
[EventDate "2012.??.??"]
[WhiteTeam "Nürnberg Süd SW"]
[BlackTeam "Treuchtlingen SC"]

1. b3 Nc6 2. Bb2 e5 3. e3 Bb4 4. Bb5 Nge7 5. Qg4 O-O 6. Bxe5 Bxd2+ 7. Nxd2 Nxe5
8. Qh5 N5g6 9. f4 d5 10. Bd3 Nc6 11. Ngf3 Nb4 12. O-O Nxd3 13. cxd3 Ne7 14. g4
f6 15. f5 Qe8 16. Qh3 h5 17. Nh4 Kh7 18. Ng6 Nxg6 19. Qxh5+ Kg8 20. fxg6 Qxe3+
21. Rf2 Qh6 22. Qxd5+ Kh8 23. Qe4 Bd7 24. h3 Bc6 25. Qf5 Rae8 26. Ne4 Qh4 27.
Rf3 Bxe4 28. dxe4 Qg5 29. Qxg5 fxg5 30. Raf1 Kg8 31. Rf7 Rc8 32. e5 Rfe8 33.
R1f5 Re6 34. Rxg5 Rxg6 35. Rff5 Rxg5 36. Rxg5 Kf7 37. Kf2 Rd8 38. Ke3 Rd1 39.
Rf5+ Ke6 40. Rg5 Kf7 41. h4 Re1+ 42. Kd4 c6 43. h5 Re2 44. a4 Rb2 45. Kc3 Re2
46. Kd3 Re1 47. Kd4 Re2 48. Rg6 Re1 49. Rg5 Re2 50. Rf5+ Ke6 51. h6 gxh6 52.
Rf6+ Ke7 53. Rxh6 c5+ 54. Kd5 Rd2+ 55. Kxc5 b6+ 56. Kc4 Rg2 57. Rg6 Kf7 58. Rg5
Ke6 59. Kb5 Rg3 60. b4 Rb3 61. Kc4 Rb1 62. a5 bxa5 63. bxa5 Rb7 64. a6 Rb1 65.
Kc5 Rb2 66. Rg7 Kxe5 67. Rxa7 Kf4 68. Rg7 Rc2+ 69. Kb6 Rb2+ 70. Ka7 Rb1 71. Ka8
Ke5 72. g5 Kd6 73. Rb7 Re1 74. g6 Kc6 75. Ka7 Rg1 76. Rb8 Kc7 77. Rb7+ Kc6 78.
g7 Rg2 79. Kb8 Rg3 80. a7 Rd3 1-0

[Event "Mittelfr. Einzelmeisterschaft 2012"]
[Site "Weißenburg"]
[Date "2012.04.04"]
[Round "6.1"]
[White "Bolten, Daniel"]
[Black "Stiller, Jürgen"]
[Result "1-0"]
[WhiteElo "2028"]
[BlackElo "2200"]
[PlyCount "77"]
[EventDate "2012.??.??"]
[WhiteTeam "Nürnberg Süd SW"]
[BlackTeam "Nürnberg Süd SW"]

1. d4 Nf6 2. c4 g6 3. Nf3 Bg7 4. g3 d6 5. Bg2 O-O 6. O-O Nc6 7. Nc3 a6 8. h3
Rb8 9. a4 a5 10. e4 e5 11. Be3 h6 12. d5 Nb4 13. Ne1 Nd7 14. Nd3 Nxd3 15. Qxd3
b6 16. Nb5 f5 17. Ra2 f4 18. Bd2 Nc5 19. Qe2 Qf6 20. Qf3 Rf7 21. Ra3 Kh7 22.
Qd1 h5 23. g4 hxg4 24. hxg4 Bh6 25. f3 Bg5 26. Kf2 Kg7 27. b4 axb4 28. Bxb4 Ba6
29. Bxc5 dxc5 30. Rh1 Bh4+ 31. Ke2 Rd7 32. Qb3 Bg3 33. Raa1 c6 34. dxc6 Qxc6
35. Rad1 Rbd8 36. Rd5 Qe6 37. Qc3 Kf6 38. g5+ Kf7 39. Bh3 1-0

[Event "Mittelfr. Einzelmeisterschaft 2012"]
[Site "Weißenburg"]
[Date "2012.04.04"]
[Round "6.2"]
[White "Bildt, Thomas"]
[Black "Kroneder, Christian"]
[Result "1/2-1/2"]
[WhiteElo "1994"]
[BlackElo "2149"]
[PlyCount "48"]
[EventDate "2012.??.??"]
[WhiteTeam "Zirndorf SK"]
[BlackTeam "Schwanstetten SK"]

1. d4 d5 2. Nf3 Nf6 3. c4 c6 4. Nc3 a6 5. e3 b5 6. cxd5 cxd5 7. Bd3 e6 8. Ne5
Bd6 9. f4 O-O 10. O-O b4 11. Ne2 Ne4 12. Bd2 f6 13. Nf3 Nd7 14. Qc2 Bb7 15. Ng3
Rc8 16. Qb1 f5 17. Qe1 Qe7 18. Ne5 Nb6 19. Rc1 Rxc1 20. Bxc1 Rc8 21. Qe2 a5 22.
Bd2 a4 23. Rc1 Rxc1+ 24. Bxc1 Qc7 1/2-1/2

[Event "Mittelfr. Einzelmeisterschaft 2012"]
[Site "Weißenburg"]
[Date "2012.04.04"]
[Round "6.3"]
[White "Beck, Karl"]
[Black "Hein, Manfred"]
[Result "0-1"]
[WhiteElo "2012"]
[BlackElo "2087"]
[PlyCount "132"]
[EventDate "2012.??.??"]
[WhiteTeam "Markt Berolzheim SC"]
[BlackTeam "Gunzenhausen FC"]

1. c4 e5 2. Nc3 Nf6 3. g3 Be7 4. Bg2 c6 5. Nf3 d6 6. d3 h6 7. O-O O-O 8. Rb1 c5
9. h3 Nc6 10. a3 a5 11. b3 Rb8 12. e3 d5 13. cxd5 Nxd5 14. Qc2 Be6 15. Ne4 b6
16. Bb2 f5 17. Ned2 Bf6 18. Nc4 Qc7 19. Rbc1 Rbc8 20. Qb1 Rfe8 21. Rfd1 Nde7
22. Qa1 Bxc4 23. Rxc4 Rcd8 24. Qc1 Qb8 25. Rc2 Ng6 26. Nh2 Nge7 27. Rcd2 Rd6
28. Qc4+ Kf8 29. g4 Qc8 30. Bf3 Red8 31. gxf5 Qxf5 32. Qg4 Qxg4+ 33. hxg4 g5
34. Be4 Kf7 35. Nf3 Ng6 36. Kg2 Nce7 37. Kg3 Bg7 38. Rc2 R8d7 39. Rdc1 Nc6 40.
Rc4 Nge7 41. R4c2 Rd8 42. Nd2 Na7 43. Nc4 Re6 44. Bc3 Nb5 45. Bb2 Nd6 46. Bf5
Ndxf5+ 47. gxf5 Nxf5+ 48. Kg4 Kg6 49. Rd2 h5+ 50. Kh3 g4+ 51. Kg2 Nh4+ 52. Kg3
Nf3 53. Rdd1 Kg5 54. e4 h4+ 55. Kg2 h3+ 56. Kg3 Rh8 57. Ne3 Rg6 58. Nxg4 Kh5
59. Rh1 Rxg4+ 60. Kxf3 Rf8+ 61. Ke2 Kh4 62. Rcg1 Rxg1 63. Rxg1 h2 64. Rh1 Kh3
65. Kf1 Bf6 66. Bc1 Rd8 0-1

[Event "Mittelfr. Einzelmeisterschaft 2012"]
[Site "Weißenburg"]
[Date "2012.04.04"]
[Round "6.4"]
[White "Link, Andreas"]
[Black "Wittmann, Helmut"]
[Result "1/2-1/2"]
[WhiteElo "1968"]
[BlackElo "2087"]
[PlyCount "97"]
[EventDate "2012.??.??"]
[WhiteTeam "Nürnberg Zabo Spvg"]
[BlackTeam "Erlangen BSGW"]

1. c4 e5 2. Nc3 Bb4 3. d3 Nf6 4. Nf3 Nc6 5. g3 O-O 6. Bg2 e4 7. Ng5 d5 8. O-O
Bxc3 9. bxc3 dxc4 10. Nxe4 Nxe4 11. dxe4 Qf6 12. Qc2 Bd7 13. Bf4 Ne5 14. Rad1
Bc6 15. Rd4 b5 16. Qd2 Qe7 17. Rd1 f6 18. Bh3 a5 19. Be3 Rfe8 20. f4 Nf7 21.
Bg2 Nd8 22. f5 Nf7 23. Bf4 Ne5 24. h3 Qc5 25. Kh2 Rab8 26. Qc2 b4 27. cxb4 Rxb4
28. Rd8 Rb8 29. Rxe8+ Rxe8 30. Qc3 Qb4 31. Rc1 Bb5 32. Bd2 Ra8 33. Qd4 Qd6 34.
Qd5+ Qxd5 35. exd5 Ra7 36. Rb1 Bd7 37. Be4 g6 38. fxg6 hxg6 39. Bc3 Kg7 40. Bd4
Ra8 41. Rb7 Rc8 42. Ra7 Nf7 43. Rxa5 Re8 44. Bf3 Ng5 45. Ra7 Nxf3+ 46. exf3
Re2+ 47. Kg1 Bxh3 48. Rxc7+ Kf8 49. Bxf6 1/2-1/2

[Event "Mittelfr. Einzelmeisterschaft 2012"]
[Site "Weißenburg"]
[Date "2012.04.04"]
[Round "6.5"]
[White "Merz, Andreas"]
[Black "Vogt, Peter"]
[Result "1-0"]
[WhiteElo "1804"]
[BlackElo "1910"]
[PlyCount "131"]
[EventDate "2012.??.??"]
[WhiteTeam "Treuchtlingen SC"]
[BlackTeam "Schwanstetten SK"]

1. e4 c5 2. Nf3 d6 3. d4 cxd4 4. Nxd4 Nf6 5. Nc3 a6 6. Be2 e5 7. Nb3 Be7 8. Bg5
O-O 9. Bxf6 Bxf6 10. Nd5 Bg5 11. Bg4 f5 12. exf5 Bxf5 13. Bxf5 Rxf5 14. Qg4 Rf7
15. h4 Bh6 16. Qe6 Nc6 17. g4 Bf4 18. Nxf4 exf4 19. O-O-O Qb6 20. Rhf1 Qb5 21.
Rfe1 Nb4 22. a3 Nc6 23. Rxd6 Qb6 24. Rd7 Raf8 25. Rxf7 Rxf7 26. Qc8+ Nd8 27.
Re8+ Rf8 28. Rxf8+ Kxf8 29. Qf5+ Kg8 30. Qxf4 Ne6 31. Qe3 Qd6 32. Nd2 Qc6 33.
f3 h6 34. Ne4 Qb5 35. Nd2 Qc6 36. g5 hxg5 37. hxg5 Qd5 38. Qe4 Qd6 39. Nc4 Qe7
40. f4 Qf7 41. Nd6 Qxf4+ 42. Qxf4 Nxf4 43. Nxb7 Ne6 44. Kd2 Nxg5 45. Ke3 Ne6
46. b4 Kf7 47. Ke4 Ke7 48. Kd5 g5 49. Nc5 Nc7+ 50. Ke5 Nb5 51. a4 Nc3 52. a5
Kd8 53. Nxa6 Kc8 54. Kf5 Nd5 55. Kxg5 Kb7 56. Nc5+ Kc6 57. Nd3 Kb5 58. Kg6 Kc4
59. a6 Kc3 60. b5 Nb6 61. Nc5 Kxc2 62. a7 Kc3 63. Nd7 Na8 64. b6 Nxb6 65. Nxb6
Kb4 66. a8=Q 1-0